000
00231 a2200097 4500
001
48292
100
_a
Boycott A.G
245
_a
The elements of imperial defense
260
_a
London
_b
Gale and polden ltd
_c
090
_c
31244
_d
31244
942
_a
NUST-CAE
_c
M
_c
23608
999
_c
283365
_d
283365